1365 1671 1720 1450 1957 1170 1520 1576 1749 1062 1780 1471 1504 1277 1785 1190 1474 1299 1745 1825 1732 1991 1916 1993 1970 1602 1339 1392 1406 1399 1778 1340 1449 1446 1390 1895 1266 1372 1452 1847 1420 1171 1521 1603 1232 1117 1590 1262 1097 1233 1980 1609 1013 1427 1346 1889 1722 1526 1623 1169 1130 1866 1744 1760 1836 1328 1121 1059 1919 1602 1760 1030 1549 1725 1685 1026 1180 1536 1019 1765 1289 1670 1030 1547 1217 1213 1639 1459 1801 1359 1077 1301 1278 1181 1132 1153 1039 1833 1554 BCNSPRNW ULIB Ver.6.0+V

เปลี่ยนเป็นภาษาไทย

Change to English
 แสดงรายละเอียดบรรณานุกรม
  กลับหน้าหลัก

Brief Record : Get Marc (ISO 2709) : E-mail record : QR code < ปิดหน้าต่าง
LEADER : 00000nam 2200000uu 4500
001    13399114308
003     ULIB
008    120321s2550||||th 000 0 tha d
020    ^a9789748290232
090    ^aนว.^bส935ห 2550
100 0  ^aแสตมป์เบอรี่
245 00 ^alove land หัวใจกิ๊กกั๊กคู่รักอลเวง/^cแสตมป์เบอรี่
250    ^aพิมพ์ครั้งที่ 1
260    ^aกรุงเทพฯ :^bแจ่มใส,^c2550
300    ^a229 หน้า
710 1  ^aแจ่มใส
945    ^p169^l0^i14448
995    ^aกัณชพร
999    ^aใช้งานได้ทุกระบบ
รายการนี้ยังไม่มีแท็ก
คุณยังไม่ได้ล็อกอิน คุณสามารถมีกิจกรรมร่วมกับเว็บไซต์ได้ แต่ต้องล็อกอินก่อน ::
  ล็อกอิน

รายการสื่อสารสนเทศ

ลำดับที่ ประเภท เลขเรียก/บาร์โค้ด สถานที่ สถานะ
1. นวนิยาย
นวนิยาย
นว. ส935ห 2550  
  Barcode: 14448
ห้องสมุดวิทยาเขตสวรรค์ประชารักษ์
►นวนิยาย
บนชั้น
  ขอยืม

รายการใกล้เคียง
    ผู้แต่ง [แสตมป์เบอรี่]

BibComment


ยังไม่เคยถูกคอมเมนท์

คอมเมนท์ทรัพยากรรายการนี้
  คอมเมนท์: love land หัวใจก..


 Copyright 2026. Bcnsprnw @Library